000 00677nam a2200217Ii 4500
003 JO-AjNU
008 230605s9999||||xx |||||||||||||| ||und||
017 _a2003/6/1096
040 _aJO-AjNU
_bara
_erda
_cJO-AjNU
041 _aara
050 1 4 _aPJ6051.Q396 2006
100 3 _aتاليف القواسمة،محمد عبد الله,
_eauthor
_97684
245 0 0 _aمعالم في اللغة العريبة
250 _aط3
264 3 1 _aعمان: مكتبة المجتمع، 2006
300 _a192ص
336 _atext
_btxt
_2rdacontent
337 _aunmediated
_bn
_2rdamedia
338 _avolume
_bnc
_2rdacarrier
650 4 _aاللغة العربية- اللغة
_97685
999 _aA405
_c3973
_d3973